00958cam a22002531 4500001001300000003000400013005001700017008004100034010001700075035001900092040004700111042001200158050001600170100005300186245007800239260003200317300004500349500010700394500003100501504004600532504007800578650003100656999001700687gs 07000648 DLC20260227111306.0800603s1894 gw ab b 000 0 ger c ags 07000648  a(OCoLC)6383228 aLibrary, U.S. Geological SurveycTxCMdDLC apremarc00aQE269b.G931 aGümbel, Karl Wilhelm,critter von,d1823-1898.10aGeologie von Bayern in zwei theilen,cvon dr. K. Wilhelm von Gümbel ... aCassel,bT. Fischer,c1894. a2 v.billus., fold. map, diagrs.c25 cm. aVol. 1 has special t.-p: Geologie von Bayern. Erster theil: Grundzüge der geologie ... Kassel, 1888. aVol. 2 issued in 14 parts. aLiteraturnachweise: v. 1, p. [1064]-1087. aI. bd. Allgemeine geologie.--II. bd. Geologische beschreibung von bayern. 0aGeologyzGermanyzBavaria. c24603d24603